| 000 | 00846nam a22002057a 4500 | ||
|---|---|---|---|
| 999 |
_c15746 _d15746 |
||
| 003 | AR-CdUCM | ||
| 008 | 190429b ||||| |||| 00| 0 spa d | ||
| 040 |
_aMUNICIPALIDAD PROVINCIAL DEL CUSCO _cBIBLIOTECA MUNICIPAL DEL CUSCO |
||
| 082 |
_a361.763 / _bL79 |
||
| 100 |
_aLlosa. Elena _934947 |
||
| 245 | _aMapa regional de actores de la sociedad civil de Cusco / | ||
| 260 |
_aLima : _bBiblioteca nacional del Perú, _c2009. |
||
| 300 |
_a159 paginas ; _bDiagramas, _c30 cm. |
||
| 505 | _aContenido :Antecedentes de los procesos de concertación y planeamiento participativo en el Cusco --El mapa de la sociedad civil del Cusco --Las organizaciones e instituciones de la sociedad civil ... | ||
| 650 |
_aCusco _9772 |
||
| 650 |
_aSociedad _953 |
||
| 650 |
_aAgrupaciones politicas _934948 |
||
| 942 |
_2ddc _cLIBROS |
||
| 945 |
_arjall _d2019-04-29 |
||